书目信息 |
| 题名: |
中国人走出死胡同
|
|
| 作者: | 史仲文 著 | |
| 分册: | ||
| 出版信息: | 北京 中国发展出版社 2004.01 |
|
| 页数: | 483页 | |
| 开本: | 24cm | |
| 丛书名: | ||
| 单 册: | ||
| 中图分类: | K203 | |
| 科图分类: | ||
| 主题词: | 传统文化--chuan tong wen hua--研究--中国 | |
| 电子资源: | ||
| ISBN: | 7-80087-051-0 | |
| 000 | 00803nam0 2200241 450 | |
| 001 | 012008784136 | |
| 005 | 20080314144426.46 | |
| 010 | @a7-80087-051-0@dCNY48.00 | |
| 100 | @a20080314d2004 km y0chiy0120 ea | |
| 101 | 0 | @achi |
| 102 | @aCN@b110000 | |
| 105 | @ay z 000yy | |
| 106 | @ar | |
| 200 | 1 | @a中国人走出死胡同@Azhong guo ren zou chu si hu tong@f史仲文著@Fshi zhong wen zhu |
| 205 | @a第2版 | |
| 210 | @a北京@c中国发展出版社@d2004.01 | |
| 215 | @a483页@d24cm | |
| 330 | @a本书是一本讨论中国传统文化的书,对中国的人格文化、艺术文化、军事文化、中医文化、茶文化、酒文化、食文化等中国文化发表见解。 | |
| 606 | 0 | @a传统文化@Achuan tong wen hua@x研究@y中国 |
| 690 | @aK203@v4 | |
| 701 | 0 | @a史仲文@Ashi zhong wen@4著 |
| 801 | 0 | @aCN@bQSSK@c20080314 |
| 905 | @b20282923-25@dK203@eS593=2@f3 | |
| 中国人走出死胡同/史仲文著.-第2版.-北京:中国发展出版社,2004.01 |
| 483页;24cm |
| ISBN 7-80087-051-0:CNY48.00 |
| 本书是一本讨论中国传统文化的书,对中国的人格文化、艺术文化、军事文化、中医文化、茶文化、酒文化、食文化等中国文化发表见解。 |
| ● |
| 相关链接 |
|
|
|
正题名:中国人走出死胡同
索取号:K203/S593=2
 
预约/预借
| 序号 | 登录号 | 条形码 | 馆藏地/架位号 | 状态 | 备注 |
| 1 | 282923 | 202829234 | 社科库309/309社科库 106排1列1层/ [索取号:K203/S593=2] | 在馆 | |
| 2 | 282924 | 202829243 | 社科库309/309社科库 106排1列1层/ [索取号:K203/S593=2] | 在馆 | |
| 3 | 282925 | 202829252 | 社科库309/309社科库 106排1列1层/ [索取号:K203/S593=2] | 在馆 |